Development of Fault Progression Model for Utilization in Prognostic Techniques / (Record no. 535456)

000 -LEADER
fixed length control field 00613nam a22001697a 4500
020 ## - INTERNATIONAL STANDARD BOOK NUMBER
Qualifying information Hard Cover.
082 ## - DEWEY DECIMAL CLASSIFICATION NUMBER
Classification number 200
100 ## - MAIN ENTRY--PERSONAL NAME
Personal name Siddiqui, Ayesha
245 ## - TITLE STATEMENT
Title Development of Fault Progression Model for Utilization in Prognostic Techniques /
Statement of responsibility, etc. Ayesha Siddiqui.
260 ## - PUBLICATION, DISTRIBUTION, ETC.
Place of publication, distribution, etc. Karachi :
Name of publisher, distributor, etc. PNEC - NUST,
Date of publication, distribution, etc. 2013.
300 ## - PHYSICAL DESCRIPTION
Extent vii, 58 p. : ill. ;
Dimensions 30cm.
650 ## - SUBJECT ADDED ENTRY--TOPICAL TERM
Topical term or geographic name entry element MS-Electrical Engineering
700 ## - ADDED ENTRY--PERSONAL NAME
Personal name Supervisor: Dr. Syed Sajjad Haider Zaidi.
856 ## - Uniform Resource Identifier
Uniform Resource Identifier <a href="http://10.250.8.41:8080/xmlui/handle/123456789/20425">http://10.250.8.41:8080/xmlui/handle/123456789/20425</a>
942 ## - ADDED ENTRY ELEMENTS (KOHA)
Source of classification or shelving scheme
Koha item type Soft Copy
650 ## - SUBJECT ADDED ENTRY--TOPICAL TERM
-- 23567
700 ## - ADDED ENTRY--PERSONAL NAME
-- 127716
Holdings
Withdrawn status Lost status Source of classification or shelving scheme Damaged status Not for loan Permanent Location Current Location Shelving location Date acquired Full call number Barcode Date last seen Price effective from Non-public note Koha item type
          Central Library (CL) Central Library (CL) Thesis 09/10/2020 200 CL-T-6173 09/10/2020 09/10/2020 Minute Sheet No. 0929/02/CL/Survey/5 dated 23rd April 2024 E-MIN ID 114741 Soft Copy
© 2023 Central Library, National University of Sciences and Technology. All Rights Reserved.